ՀՀ Գիտությունների ազգային ակադեմիայի հիմնարար գիտական գրադարան  =   Fundamental Scientific Library of NAS RA

Методы обслуживания и ремонта машин по техническому состоянию : (Record no. 297701)

MARC details
000 -LEADER
fixed length control field 01133nam a2200217 u 4500
001 - CONTROL NUMBER
control field 000824921
003 - CONTROL NUMBER IDENTIFIER
control field AM-YeHGA
005 - DATE AND TIME OF LATEST TRANSACTION
control field 20250617144626.0
008 - FIXED-LENGTH DATA ELEMENTS--GENERAL INFORMATION
fixed length control field 110726s1973 ru r 000 0 rus d
040 ## - CATALOGING SOURCE
Original cataloging agency AM-YeHGA
041 0# - LANGUAGE CODE
Language code of text/sound track or separate title rus
090 ## - LOCALLY ASSIGNED LC-TYPE CALL NUMBER (OCLC); LOCAL CALL NUMBER (RLIN)
-- 299395
100 1# - MAIN ENTRY--PERSONAL NAME
Personal name Смирнов, Николай Николаевич
245 10 - TITLE STATEMENT
Title Методы обслуживания и ремонта машин по техническому состоянию :
Remainder of title Материалы лекций, прочитанных в Политехническом музее на семинаре по надежности и прогрессивным методам контроля качества продукции /
Statement of responsibility, etc. Н.Н. Смирнов, А.А. Ицкович; O-во "Знание". Политехнический музей.
260 ## - PUBLICATION, DISTRIBUTION, ETC.
Place of publication, distribution, etc. Москва :
Name of publisher, distributor, etc. Знание,
Date of publication, distribution, etc. 1973.
300 ## - PHYSICAL DESCRIPTION
Extent 55 с.
504 ## - BIBLIOGRAPHY, ETC. NOTE
Bibliography, etc. note Библиогр.; с. 54-55
653 0# - INDEX TERM--UNCONTROLLED
Uncontrolled term Эксплуатация и ремонт машин
700 1# - ADDED ENTRY--PERSONAL NAME
Personal name Ицкович, Александр Абрамович
710 2# - ADDED ENTRY--CORPORATE NAME
Corporate name or jurisdiction name as entry element Политехнический музей.
Holdings
Withdrawn status Lost status Damaged status Not for loan Collection Home library Current library Date acquired Total checkouts Full call number Barcode Date last seen Price effective from Koha item type Public note
        General Fundamental Scientific Library Fundamental Scientific Library 09/01/2017   PII/307025 FL0193979 09/01/2017 09/01/2017 Գրքեր / Books 30 Days Loan


ՀՀ ԳԱԱ հիմնարար գիտական գրադարան
ՀՀ,Երևան 0019
Մարշալ Բաղրամյան 24/6
հեռախոս:(374-10) 52-47-50
Հետադարձ կապ

All site content, except where otherwise noted, is licensed under a
Creative Commons License